[Event "XVII Trofeo Virgen de Valencia 2011"]
[Site "?"]
[Date "2011.09.05"]
[Round "1.19"]
[White "Tejedor Fuentes, Enrique"]
[Black "Barrio Ugidos, Ainhoa"]
[Result "1-0"]
[WhiteElo "2164"]
[BlackElo "1683"]
[PlyCount "53"]
[EventDate "2011.09.04"]
[SourceDate "2011.09.05"]

1. e4 c5 2. Nf3 Nc6 3. d4 cxd4 4. Nxd4 g6 5. Nc3 Bg7 6. Be3 Nf6 7. f3 Qa5 8.
Qd2 O-O 9. O-O-O d6 10. Bc4 a6 11. g4 Bd7 12. h4 Rfc8 13. Bb3 Nxd4 14. Bxd4 h5
15. g5 Ne8 16. f4 e6 17. Bxg7 Kxg7 18. Rhf1 Rc5 19. Qd4+ Kg8 20. Kb1 Rac8 21.
f5 exf5 22. Nd5 Qd8 23. exf5 Bxf5 24. Rde1 Be6 25. Rxe6 fxe6 26. Nf4 d5 27.
Nxe6 1-0